Shine Lyrics Quiz Stats

Quiz not verified by Sporcle

Also try: Click a Brit
Challenge
Share
Tweet
Embed
Score 0/299 Timer 10:00
0 Plays Today
% Correct
I
100%
I
100%
I
100%
I
100%
I
100%
I
100%
I
100%
I
100%
I
100%
I
100%
I
100%
I
100%
I
100%
I
100%
I
100%
I
100%
Baby,
98.7%
time
98.7%
to
98.7%
make
98.7%
up
98.7%
mind.
98.7%
think
98.7%
is
98.7%
time
98.7%
to
98.7%
the
98.7%
you
98.7%
and
98.7%
the
98.7%
it
98.7%
the
98.7%
it
98.7%
to
98.7%
a
98.7%
a
98.7%
the
98.7%
a
98.7%
the
98.7%
and
98.7%
you
98.7%
you,
98.7%
you,
98.7%
the
98.7%
think
98.7%
is
98.7%
it;
98.7%
it
98.7%
a
98.7%
to
98.7%
a
98.7%
and
98.7%
make
98.7%
you
98.7%
think
98.7%
the
98.7%
time,
98.7%
you
98.7%
and
98.7%
you
98.7%
to
98.7%
a
98.7%
you
98.7%
it,
98.7%
and
98.7%
you
98.7%
And
98.7%
up,
98.7%
to
98.7%
baby,
98.7%
time
98.7%
to
98.7%
make
98.7%
up
98.7%
mind,
98.7%
think
98.7%
is
98.7%
the
98.7%
you
98.7%
and
98.7%
the
98.7%
and
98.7%
baby
98.7%
you
98.7%
and
98.7%
your
97.5%
that
97.5%
tonight
97.5%
when
97.5%
that
97.5%
that
97.5%
that
97.5%
that
97.5%
When
97.5%
your
97.5%
that
97.5%
tonight
97.5%
when
97.5%
it's
96.2%
stars
96.2%
% Correct
it's
96.2%
shine.
96.2%
It's
96.2%
it's
96.2%
stars
96.2%
it's
96.2%
it's
96.2%
shine.
96.2%
gonna
94.9%
be
94.9%
gonna
94.9%
be
94.9%
gonna
94.9%
gonna
94.9%
my
93.7%
are
93.7%
my
93.7%
My
93.7%
my
93.7%
my
93.7%
my
93.7%
are
93.7%
are
93.7%
in
92.4%
in
92.4%
in
92.4%
Take
91.1%
me.
91.1%
heart
91.1%
me
91.1%
me.
91.1%
take
91.1%
me.
91.1%
take
91.1%
me
91.1%
heart
91.1%
Take
91.1%
our
89.9%
Honey,
89.9%
hand
89.9%
'cause
89.9%
was
89.9%
was
89.9%
so
89.9%
no
89.9%
no
89.9%
was
89.9%
so
89.9%
was
89.9%
our
89.9%
Honey,
89.9%
hand
89.9%
'cause
89.9%
align.
88.6%
behind.
88.6%
Like
88.6%
Like
88.6%
like
88.6%
like
88.6%
align.
88.6%
behind,
88.6%
dark,
87.3%
empty
87.3%
but
87.3%
night
87.3%
dark,
87.3%
but
87.3%
but
87.3%
but
87.3%
but
87.3%
But
87.3%
life;
86.1%
with
86.1%
sun.
86.1%
has
86.1%
then
86.1%
of
86.1%
light
86.1%
of
86.1%
then,
86.1%
I've
86.1%
I've
86.1%
this
86.1%
This
86.1%
I've
86.1%
this
86.1%
light
86.1%
felt
84.8%
sky
84.8%
day.
84.8%
been
84.8%
been
84.8%
been
84.8%
you're
84.8%
you're
84.8%
you're
84.8%
felt
84.8%
sky
84.8%
leave
83.5%
cold
83.5%
% Correct
something
83.5%
see,
83.5%
for
83.5%
see.
83.5%
see
83.5%
for;
83.5%
leave
83.5%
changed.
82.3%
love,
82.3%
love
82.3%
doubt
81%
saw
81%
come
81%
girl
81%
you've
81%
never
81%
girl
81%
one
81%
never
81%
never
81%
never
81%
doubt
81%
from
79.7%
right
79.7%
by
79.7%
ray
79.7%
through,
79.7%
into
79.7%
again.
79.7%
could
79.7%
by
79.7%
outside
78.5%
bright,
78.5%
came
78.5%
made
78.5%
nothing
77.2%
sparks
77.2%
view,
77.2%
Now
77.2%
seem
77.2%
rescue
77.2%
mine.
77.2%
now
77.2%
we
77.2%
hope
75.9%
watching
75.9%
you'd
75.9%
waiting
75.9%
long
75.9%
might
75.9%
crush,
75.9%
should
75.9%
looked
74.7%
eclipsed
74.7%
little
74.7%
school
74.7%
wanna
74.7%
tiniest
73.4%
chance
73.4%
knew
73.4%
knew
73.4%
wishing
70.9%
have
70.9%
all
69.6%
who'll
68.4%
there
68.4%
were
68.4%
there,
68.4%
I'm
68.4%
I'm
68.4%
before,
68.4%
what
68.4%
if
67.1%
side.
67.1%
really
67.1%
paradise.
65.8%
finally
64.6%
did
64.6%
admit,
63.3%
I'll
63.3%
believe.
62%
need
60.8%
hero
60.8%
helping
59.5%
know
59.5%
dreamed,
59.5%
needed
58.2%
open
55.7%
Every
54.4%
until
53.2%
scared
51.9%
dawn
51.9%
ready
50.6%
any
48.1%
dreams.
48.1%
dare.
48.1%
won't
46.8%
moment's
45.6%
enough
35.4%

You're not logged in!

Compare scores with friends on all Sporcle quizzes.
Join for Free
OR
Log In

You Might Also Like...

Show Comments

Extras

Top Quizzes Today


Score Distribution

Your Account Isn't Verified!

In order to create a playlist on Sporcle, you need to verify the email address you used during registration. Go to your Sporcle Settings to finish the process.

Report this User

Report this user for behavior that violates our Community Guidelines.

Details: